| 000 | 00455nam a2200193Ia 4500 | ||
|---|---|---|---|
| 005 | 20240823042802.0 | ||
| 008 | 240823s9999||||xx |||||||||||||| ||und|| | ||
| 041 | _aENGLISH | ||
| 082 | _A658.3 N3 | ||
| 100 | _a"Northcote,Parkinson C" | ||
| 245 | 0 | _aFor the Go-Ahead Manager | |
| 250 | _a1st | ||
| 260 |
_c1993 _b"IBH,Bombay" |
||
| 500 | _aYES | ||
| 650 |
_aManagement _bManagement Studies |
||
| 700 | _a Rustomi | ||
| 942 | _cBK | ||
| 999 |
_c208676 _d208676 |
||